000 00633nam a2200217 b 4500
001 bimo0002032829
003 OSt
005 20150205162527.0
008 050623s2005 slv spa
020 _a958-704-185-2
040 _aSpMaBN
_bspa
_cBMC
_erdc
082 _a869.8991
100 1 _aSaramago, José
_d1922-2010
_929690
245 1 0 _aEnsayo sobre la lucidez
_cJosé Saramago ; traducción de Pilar del Río
250 _a1ª ed., 2ª reimp
260 _aBogotá
_bAlfaguara
_c2004
300 _a411 p.
_c21 cm
650 2 4 _929444
_aNovela portuguesa
700 1 _929691
_aRío, Pilar del
942 _2ddc
_cBK
_hahoj
999 _c18219
_d18219